[Event "ESTCC U50 2018"]
[Site "Walbrzych"]
[Date "2018.04.20"]
[Round "7"]
[White "Kivimaki, Jaakko"]
[Black "Grabuzova, Tatiana"]
[Result "1/2-1/2"]
[WhiteElo "2181"]
[BlackElo "2311"]
[Annotator "NA"]
[PlyCount "55"]
[EventDate "2018.??.??"]
[EventCountry "POL"]
[SourceTitle "playchess.com"]
[Source "ChessBase"]
[SourceQuality "1"]
[WhiteTeam "Finland"]
[BlackTeam "Russia"]
[WhiteTeamCountry "FIN"]
[BlackTeamCountry "RUS"]
[TimeControl "40/5400+30:1800+30"]

1. d4 {[%emt 0:00:00]} e6 {[%emt 0:00:11]} 2. Nf3 {[%emt 0:00:00]} f5 {[%emt 0:00:28]} 3. d5 {[%emt 0:00:00]} Nf6 {[%emt 0:01:02]} 4. dxe6 {[%emt 0:00:16]} dxe6 {[%emt 0:00:25]} 5. Qxd8+ {[%emt 0:00:10]} Kxd8 {[%emt 0:00:05]} 6. Nc3 {[%emt 0:01:01]} Bd6 {[%emt 0:19:53] A80: Dutch Defence: Unusual White second moves} 7. e4 {[%emt 0:06:03]} fxe4 {[%emt 0:09:43]} 8. Ng5 {[%emt 0:00:25]} Ke7 {[%emt 0:00:11]} 9. Ngxe4 {[%emt 0:00:38]} Bd7 $146 {[%emt 0:09:40]} ({Predecessor:} 9... Nc6 10. Bg5 h6 11. Bh4 Nd4 12. O-O-O Nf5 13. Nxd6 cxd6 14. Bxf6+ gxf6 {1-0 (37) Polgar,Z (2510)-Prasad,D (2425) New Delhi 1990}) 10. Bg5 {[%emt 0:10:25]} h6 {[%emt 0:03:29]} 11. Bh4 {[%emt 0:00:55]} Bc6 {[%emt 0:00:48]} 12. Bd3 {[%emt 0:00:32]} Nbd7 {[%emt 0:02:01]} 13. O-O {[%emt 0:04:13]} Ne5 {[%emt 0:11:39]} 14. Bb5 {[%emt 0:03:41]} Bxb5 {[%emt 0:14:17]} 15. Nxb5 {[%emt 0:00:11]} Ng6 {[%emt 0:00:14]} 16. Nexd6 {[%emt 0:04:23]} cxd6 {[%emt 0:05:06]} 17. Bg3 {[%emt 0:00:58]} Ne4 {[%emt 0:01:19]} 18. Rfe1 {[%emt 0:02:13]} Nxg3 {[%emt 0:00:05]} 19. hxg3 {[%emt 0:00:13]} Rhc8 {[%emt 0:02:00]} 20. Nd4 {[%emt 0:00:48]} e5 {[%emt 0:03:48]} 21. Nf5+ {[%emt 0:19:40]} Kf6 {[%emt 0:00:10]} 22. Nxd6 {[%emt 0:00:15]} Rxc2 {[%emt 0:00:08]} 23. Ne4+ {[%emt 0:03:22]} Kf7 {[%emt 0:02:00]} 24. Rad1 {[%emt 0:06:09]} Rxb2 {[%emt 0:00:30]} 25. Rd7+ {[%emt 0:00:09]} Kg8 {[%emt 0:00:23]} 26. Rc1 {[%emt 0:00:25]} Nf8 {[%emt 0:00:24]} 27. Re7 {[%emt 0:01:21]} Ng6 {[%emt 0:00:12]} 28. Rd7 $11 {[%emt 0:00:06]} 1/2-1/2

[Event "ESTCC U50 2018"]
[Site "Walbrzych"]
[Date "2018.04.20"]
[Round "7"]
[White "Burchardt, Brigitte"]
[Black "Pietinen, Pekka"]
[Result "1-0"]
[WhiteElo "2166"]
[BlackElo "1983"]
[Annotator "NA"]
[PlyCount "47"]
[EventDate "2018.??.??"]
[EventCountry "POL"]
[SourceTitle "playchess.com"]
[Source "ChessBase"]
[SourceQuality "1"]
[WhiteTeam "Germany"]
[BlackTeam "Finland"]
[WhiteTeamCountry "GER"]
[BlackTeamCountry "FIN"]
[TimeControl "40/5400+30:1800+30"]

1. e4 {[%emt 0:00:00]} e5 {[%emt 0:00:47]} 2. Bc4 {[%emt 0:00:00]} Nf6 {[%emt 0:00:22]} 3. d3 {[%emt 0:00:13]} d5 {[%emt 0:03:17]} 4. exd5 {[%emt 0:00:46]} Nxd5 {[%emt 0:00:10]} 5. Qe2 {[%emt 0:01:23]} Nc6 {[%emt 0:03:19]} 6. Nf3 {[%emt 0:00:54]} Bg4 {[%emt 0:07:45]} 7. c3 {[%emt 0:06:14]} Be7 {[%emt 0:04:34]} 8. h3 {[%emt 0:14:56]} Bxf3 {[%emt 0:05:53]} (8... Bh5 $11) 9. Qxf3 {[%emt 0:00:20]} Nf6 {[%emt 0:00:24]} 10. Bg5 {[%emt 0:09:00]} O-O {[%emt 0:06:47]} 11. Nd2 {[%emt 0:04:28]} Na5 $14 {[%emt 0:10:18]} 12. O-O {[%emt 0:07:48]} c6 {[%emt 0:04:37]} 13. Rfe1 {[%emt 0:07:59]} Nd7 {[%emt 0:00:45]} 14. Bxe7 {[%emt 0:02:42]} Qxe7 {[%emt 0:00:12]} 15. d4 {[%emt 0:00:05]} Qf6 {[%emt 0:03:07]} 16. Qxf6 {[%emt 0:05:57]} gxf6 {[%emt 0:00:11]} 17. Be2 {[%emt 0:00:41]} b6 {[%emt 0:03:04]} 18. b4 {[%emt 0:03:27]} Nb7 {[%emt 0:00:19]} 19. Bg4 {[%emt 0:00:05]} Rfd8 {[%emt 0:01:11]} 20. Ne4 {[%emt 0:00:31]} Kg7 {[%emt 0:02:16]} 21. Ng3 {[%emt 0:02:28]} exd4 {[%emt 0:06:18]} 22. Re7 {[%emt 0:05:04]} Ne5 {[%emt 0:00:39]} 23. Rxb7 {[%emt 0:00:42]} dxc3 {[%emt 0:00:10]} 24. Rc1 {[%emt 0:02:45]} 1-0

[Event "ESTCC U50 2018"]
[Site "Walbrzych"]
[Date "2018.04.20"]
[Round "7"]
[White "Pastor Alonso De Prado, Alberto"]
[Black "Rooze, Jan"]
[Result "0-1"]
[WhiteElo "2162"]
[BlackElo "2307"]
[Annotator "NA"]
[PlyCount "40"]
[EventDate "2018.??.??"]
[EventCountry "POL"]
[SourceTitle "playchess.com"]
[Source "ChessBase"]
[SourceQuality "1"]
[WhiteTeam "Spain"]
[BlackTeam "Belgium"]
[WhiteTeamCountry "ESP"]
[BlackTeamCountry "BEL"]
[TimeControl "40/5400+30:1800+30"]

1. e4 {[%emt 0:00:24]} g6 {[%emt 0:00:05]} 2. d4 {[%emt 0:00:06]} Bg7 {[%emt 0:00:04]} 3. Nf3 {[%emt 0:02:11]} d6 {[%emt 0:00:16]} 4. Be2 {[%emt 0:00:24]} Nf6 {[%emt 0:00:12]} 5. Nc3 {[%emt 0:00:56]} O-O {[%emt 0:00:13]} 6. O-O {[%emt 0:00:05]} Nc6 {[%emt 0:01:05]} 7. Re1 {[%emt 0:01:35]} a6 {[%emt 0:09:54]} 8. a4 {[%emt 0:04:00]} Bg4 {[%emt 0:03:24]} 9. d5 {[%emt 0:09:01]} Bxf3 {[%emt 0:05:53]} 10. Bxf3 {[%emt 0:00:41]} Ne5 {[%emt 0:00:35]} 11. Be2 {[%emt 0:00:06]} c6 {[%emt 0:00:09]} 12. Bg5 {[%emt 0:10:42]} Re8 {[%emt 0:11:29]} 13. dxc6 {[%emt 0:11:07]} bxc6 {[%emt 0:01:01]} 14. Qd2 {[%emt 0:01:01]} a5 {[%emt 0:03:44]} 15. Rad1 $11 {[%emt 0:05:58]} Qb6 {[%emt 0:05:18]} 16. Be3 {[%emt 0:04:21]} Qb4 {[%emt 0:02:36]} 17. f3 {[%emt 0:00:32]} Ned7 {[%emt 0:11:55]} 18. b3 {[%emt 0:03:21]} Ng4 {[%emt 0:04:23]} 19. Nd5 {[%emt 0:08:51]} Qxd2 {[%emt 0:02:58]} 20. Rxd2 {[%emt 0:07:27]} Nxe3 {[%emt 0:02:25]} 0-1

[Event "ESTCC U50 2018"]
[Site "Walbrzych"]
[Date "2018.04.20"]
[Round "7"]
[White "Laszewicz, Pawel"]
[Black "Godena, Michele"]
[Result "0-1"]
[WhiteElo "2110"]
[BlackElo "2507"]
[Annotator "TA"]
[PlyCount "92"]
[EventDate "2018.??.??"]
[EventCountry "POL"]
[SourceTitle "playchess.com"]
[Source "ChessBase"]
[SourceQuality "1"]
[WhiteTeam "Poland"]
[BlackTeam "Italy"]
[WhiteTeamCountry "POL"]
[BlackTeamCountry "ITA"]

{[%evp 16,92,0,0,0,0,6,0,0,-18,-16,-20,-20,-17,-9,-22,-16,-27,-27,-39,-31,-50,-37,-50,-7,-68,-67,-63,-63,-76,-75,-82,-80,-66,-18,-10,-16,-11,-10,-14,-9,-10,-10,-32,-27,-65,-72,-88,-89,-131,-146,-141,-127,-162,-143,-147,-129,-154,-147,-222,-203,-319,-310,-446,-457,-709,-687,-664,-646,-1108,-1017,-5069,-3042,-29984,-29985,-29993,-29994,-29994,-29995]} 1. e4 e5 2. Nf3 Nc6 3. d4 exd4 4. Nxd4 Qf6 5. Nxc6 Bc5 6. Qf3 dxc6 7. Bc4 {C45: Scotch Game} (7. Nc3 Be6 8. Qg3 O-O-O 9. Be3 Bxe3 10. Qxe3 Kb8 11. f4 Qe7 12. Bd3 Nh6 13. O-O-O f6 14. g3 Nf7 {½-½ (29) Nepomniachtchi,I (2766)-Carlsen,M (2851) Leuven 2017}) 7... Qe7 8. Nc3 Nf6 9. Bg5 {LiveBook: 3 Games. The position is equal.} h6 10. Bxf6 Qxf6 11. Qxf6 $146 ({Predecessor:} 11. Rd1 Qxf3 12. gxf3 Bd6 13. h4 h5 14. Ne2 b5 {0-1 (49) Zhou,Y (2470)-Hovhannisyan,R (2630) London 2016}) 11... gxf6 12. Bd3 Rg8 13. g3 Bg4 14. Be2 Bh3 $36 {[%mdl 2048] Black has some pressure.} 15. Bf1 Be6 16. Bd3 O-O-O 17. Ne2 Bb4+ 18. Nc3 c5 19. O-O-O Bg4 (19... Bxc3 $5 20. bxc3 Bxa2 $17) 20. Be2 ({White should try} 20. Nd5 $11) 20... Bxc3 $1 $15 21. Bxg4+ Rxg4 22. Rxd8+ Kxd8 23. f3 {[#]} Bxb2+ $1 24. Kxb2 $17 {[%mdl 4096] Endgame KR-KR} Rg5 25. f4 Rg8 26. Rd1+ $1 Ke7 27. Rd5 $1 b6 28. Rh5 Rh8 29. Kc3 c6 30. Rf5 h5 {[%cal Bh6h5,Bh5h4][%mdl 32]} 31. Kd3 h4 {Hoping for ...hxg3.} 32. g4 Rd8+ 33. Ke3 {[#]} Rd1 $1 34. Rh5 Ra1 35. Rxh4 Rxa2 36. Rh8 Rxc2 37. h4 (37. Rc8 $17) 37... Rc3+ $19 38. Kf2 (38. Kd2 {was necessary.} Rg3 39. g5) 38... c4 39. h5 (39. Ra8 $142 a5 40. Ra7+ Kf8 41. Ra6) 39... Rh3 40. Ke2 (40. Ra8 $142 a5 41. Ra7+ Kf8 42. Ra6) 40... Rh2+ 41. Kd1 b5 {[%cal Bb6b5,Bb5b4,Bb4b3,Bb3b2][%mdl 32]} 42. h6 b4 43. g5 fxg5 44. fxg5 b3 {Black mates.} 45. h7 b2 {[%cal Rb2b1]} 46. Rb8 c3 {Precision: White = 33%, Black = 89%.} 0-1

[Event "ESTCC U50 2018"]
[Site "Walbrzych"]
[Date "2018.04.20"]
[Round "7"]
[White "Van de Wynkele, Herman"]
[Black "Ruiz Bellon, Manuel"]
[Result "1-0"]
[WhiteElo "2048"]
[BlackElo "1861"]
[Annotator "NA"]
[PlyCount "79"]
[EventDate "2018.??.??"]
[EventCountry "POL"]
[SourceTitle "playchess.com"]
[Source "ChessBase"]
[SourceQuality "1"]
[WhiteTeam "Belgium"]
[BlackTeam "Spain"]
[WhiteTeamCountry "BEL"]
[BlackTeamCountry "ESP"]
[TimeControl "40/5400+30:1800+30"]

1. e4 {[%emt 0:00:00]} e6 {[%emt 0:00:08]} 2. d4 {[%emt 0:00:00]} d5 {[%emt 0:00:07]} 3. Nc3 {[%emt 0:00:00]} Nf6 {[%emt 0:00:10]} 4. e5 {[%emt 0:00:16]} Nfd7 $1 {[%emt 0:00:09]} 5. f4 {[%emt 0:00:07]} c5 {[%emt 0:00:05]} 6. Nf3 {[%emt 0:00:04]} Nc6 {[%emt 0:00:10] LiveBook: 6487 Games} 7. Be3 {[%emt 0:00:11]} a6 {[%emt 0:00:07]} 8. Qd2 {[%emt 0:00:41]} b5 {[%emt 0:01:46]} 9. dxc5 {[%emt 0:06:11]} Bxc5 {[%emt 0:02:03]} 10. Nd4 {[%emt 0:02:22]} Nxd4 {[%emt 0:05:46]} 11. Bxd4 {[%emt 0:00:08]} Qb6 {[%emt 0:00:50]} 12. O-O-O {[%emt 0:01:17]} Bxd4 {[%emt 0:06:01]} 13. Qxd4 {[%emt 0:00:08]} Qxd4 {[%emt 0:00:05]} 14. Rxd4 {[%emt 0:00:13] C14: French: Classical System: 4 Bg5 Be7 main line} Rb8 {[%emt 0:00:58]} (14... Nb8 15. Rd2 Nc6 16. Ne2 b4 17. Nd4 Nxd4 18. Rxd4 a5 19. Be2 Ke7 20. Kd2 Bd7 21. Ra1 f6 {½-½ (35) Kavcic,Z (2295)-Mohr,G (2463) Slovenia 2014}) 15. a3 {[%emt 0:05:51]} O-O $146 {[%emt 0:12:39]} ({Predecessor:} 15... Ke7 16. Be2 g5 17. g3 gxf4 18. gxf4 Rg8 19. Bf3 Bb7 20. Rdd1 Bc6 21. Ne2 b4 {1-0 (39) Vombek,S (1856)-Vospernik,M (2072) Otocec 2006}) 16. Be2 {[%emt 0:00:24]} Bb7 {[%emt 0:00:22]} 17. Re1 {[%emt 0:00:37]} Bc6 {[%emt 0:00:50]} 18. b3 {[%emt 0:11:51]} Nc5 {[%emt 0:03:33]} 19. Bf3 {[%emt 0:00:26]} Rfc8 {[%emt 0:01:45]} 20. Kb2 {[%emt 0:00:37]} a5 {[%emt 0:01:23]} 21. Re3 {[%emt 0:05:56]} Rc7 $11 {[%emt 0:03:44]} 22. Ne2 {[%emt 0:00:38]} b4 {[%emt 0:04:24]} 23. axb4 {[%emt 0:00:28]} axb4 {[%emt 0:08:15]} 24. Rd1 {[%emt 0:00:15]} Ra7 {[%emt 0:02:12]} 25. Nd4 {[%emt 0:01:07]} Bd7 {[%emt 0:07:49]} 26. Ra1 {[%emt 0:00:28]} Rxa1 {[%emt 0:01:05]} 27. Kxa1 {[%emt 0:00:02]} f5 {[%emt 0:04:24]} 28. exf6 {[%emt 0:01:08]} gxf6 {[%emt 0:00:10]} 29. Kb2 {[%emt 0:00:18]} Kf7 {[%emt 0:00:37]} 30. g4 {[%emt 0:04:40]} Rb6 {[%emt 0:05:44]} 31. f5 {[%emt 0:02:26]} Rd6 {[%emt 0:01:11]} 32. fxe6+ {[%emt 0:03:59]} Bxe6 {[%emt 0:00:48]} 33. h4 {[%emt 0:03:20]} h6 {[%emt 0:01:26]} 34. Re1 {[%emt 0:00:34]} Bd7 {[%emt 0:02:01]} 35. Ra1 {[%emt 0:00:44]} Kg6 {[%emt 0:06:10]} 36. Ra5 {[%emt 0:02:24]} Ne4 {[%emt 0:00:41]} 37. Rxd5 {[%emt 0:00:17]} Rxd5 {[%emt 0:02:19]} 38. Bxe4+ {[%emt 0:00:06]} f5 {[%emt 0:00:06]} 39. Bxd5 {[%emt 0:00:29]} fxg4 {[%emt 0:00:11]} 40. Nc6 {[%emt 0:00:00]} 1-0

[Event "ESTCC U50 2018"]
[Site "Walbrzych"]
[Date "2018.04.20"]
[Round "7"]
[White "Robertson, Ian C"]
[Black "Ograbek, Grzegorz"]
[Result "1/2-1/2"]
[WhiteElo "2038"]
[BlackElo "2140"]
[Annotator "NA"]
[PlyCount "59"]
[EventDate "2018.??.??"]
[EventCountry "POL"]
[SourceTitle "playchess.com"]
[Source "ChessBase"]
[SourceQuality "1"]
[WhiteTeam "Scotland"]
[BlackTeam "Poland"]
[WhiteTeamCountry "SCO"]
[BlackTeamCountry "POL"]
[TimeControl "40/5400+30:1800+30"]

1. e4 {[%emt 0:00:00]} g6 {[%emt 0:00:13]} 2. d4 {[%emt 0:00:00]} Bg7 {[%emt 0:00:06]} 3. Nc3 {[%emt 0:02:01]} d6 {[%emt 0:00:17]} 4. f4 {[%emt 0:00:40]} c6 {[%emt 0:07:32]} 5. Nf3 {[%emt 0:03:41] LiveBook: 501 Games} Nf6 {[%emt 0:00:10]} 6. Bd3 {[%emt 0:02:43]} O-O {[%emt 0:06:12]} 7. O-O {[%emt 0:01:59]} Bg4 {[%emt 0:00:15]} 8. h3 {[%emt 0:08:44]} Bxf3 {[%emt 0:15:06]} 9. Qxf3 {[%emt 0:00:34]} Nbd7 {[%emt 0:05:24]} 10. Ne2 {[%emt 0:08:18]} Qc7 {[%emt 0:08:03]} 11. c3 {[%emt 0:05:11]} e5 {[%emt 0:02:57]} 12. dxe5 $16 {[%emt 0:01:02]} dxe5 {[%emt 0:00:06]} 13. f5 {[%emt 0:00:26]} h6 {[%emt 0:17:34]} 14. g4 {[%emt 0:12:35]} g5 {[%emt 0:08:12]} 15. Ng3 {[%emt 0:05:04]} Rfd8 {[%emt 0:00:33]} 16. Kg2 {[%emt 0:05:41]} c5 {[%emt 0:04:11]} 17. Rh1 {[%emt 0:10:29]} c4 {[%emt 0:02:41]} 18. Be2 {[%emt 0:02:22]} Nf8 {[%emt 0:06:55]} 19. h4 {[%emt 0:09:28]} N8h7 {[%emt 0:00:04]} 20. hxg5 {[%emt 0:00:26]} Nxg5 {[%emt 0:00:12]} 21. Bxg5 {[%emt 0:00:12]} hxg5 {[%emt 0:00:06]} 22. Qe3 {[%emt 0:01:35]} Nh7 {[%emt 0:02:39]} 23. Rxh7 {[%emt 0:05:30]} Kxh7 {[%emt 0:00:16]} 24. Qxg5 {[%emt 0:01:40]} f6 {[%emt 0:04:17]} 25. Qg6+ {[%emt 0:02:08]} Kg8 {[%emt 0:00:05]} 26. Nh5 {[%emt 0:01:26]} Rd2 {[%emt 0:03:07]} 27. Nxf6+ {[%emt 0:01:58]} Kf8 {[%emt 0:00:09]} 28. Nh7+ {[%emt 0:03:07]} Kg8 {[%emt 0:00:01]} 29. Nf6+ {[%emt 0:01:58]} Kf8 {[%emt 0:00:02]} 30. Nh7+ 1/2-1/2

[Event "ESTCC U50 2018"]
[Site "Walbrzych"]
[Date "2018.04.20"]
[Round "7"]
[White "Wielosz, Jaroslaw"]
[Black "Giulian, Rosemary A"]
[Result "1/2-1/2"]
[WhiteElo "2038"]
[BlackElo "1880"]
[Annotator "NA"]
[PlyCount "71"]
[EventDate "2018.??.??"]
[EventCountry "POL"]
[SourceTitle "playchess.com"]
[Source "ChessBase"]
[SourceQuality "1"]
[WhiteTeam "Poland"]
[BlackTeam "Scotland"]
[WhiteTeamCountry "POL"]
[BlackTeamCountry "SCO"]
[TimeControl "40/5400+30:1800+30"]

1. d4 {[%emt 0:00:00]} e6 {[%emt 0:00:07]} 2. Nf3 {[%emt 0:00:00]} Nf6 {[%emt 0:00:06]} 3. c4 {[%emt 0:00:00]} Bb4+ {[%emt 0:00:06]} 4. Bd2 {[%emt 0:00:00]} a5 {[%emt 0:00:08]} 5. Nc3 {[%emt 0:02:08]} b6 {[%emt 0:01:56]} 6. g3 {[%emt 0:04:30]} Bb7 {[%emt 0:00:21]} 7. Bg2 {[%emt 0:00:05]} O-O {[%emt 0:00:42]} 8. O-O {[%emt 0:01:24]} d5 {[%emt 0:07:26]} 9. cxd5 {[%emt 0:03:36] E16: Queen's Indian: 4 g3 Bb7 5 Bg2 Bb4+} exd5 {[%emt 0:00:35]} 10. Bf4 $146 {[%emt 0:05:37]} ({Find the theoretical novelty and annotate with similar games:} 10. Rc1 Na6 11. Ne5 Be7 12. Bf4 c5 13. Nb5 Ne4 14. dxc5 Naxc5 15. Nf3 Qd7 16. Nfd4 Rac8 17. f3 Nd6 18. Bxd6 Bxd6 19. Bh3 Ne6 20. Nxd6 Rxc1 21. Qxc1 Qxd6 22. Bxe6 fxe6 {½-½ (44) Roselli Mailhe,B (2442)-Tjiam,D (2376) Porto San Giorgio 2016}) 10... Bd6 {[%emt 0:09:29]} 11. Bxd6 {[%emt 0:01:16]} Qxd6 {[%emt 0:00:15]} 12. Rc1 {[%emt 0:01:05]} c6 {[%emt 0:07:33]} 13. Ne5 {[%emt 0:08:28]} Nfd7 {[%emt 0:08:54]} 14. e4 {[%emt 0:06:09]} Nxe5 {[%emt 0:03:47]} 15. dxe5 {[%emt 0:00:13]} Qxe5 {[%emt 0:00:06]} 16. exd5 {[%emt 0:00:31]} cxd5 {[%emt 0:00:28]} 17. Re1 {[%emt 0:04:22]} Qf6 {[%emt 0:01:26]} 18. Nxd5 {[%emt 0:02:16]} Bxd5 {[%emt 0:00:23]} 19. Qxd5 $14 {[%emt 0:00:28]} Ra7 {[%emt 0:00:25]} 20. Qb5 {[%emt 0:05:30]} Rd7 {[%emt 0:06:52]} 21. Rc2 {[%emt 0:05:40]} g6 {[%emt 0:03:51]} 22. Rce2 {[%emt 0:01:40]} Kg7 {[%emt 0:02:09]} 23. h4 {[%emt 0:07:18]} h5 {[%emt 0:06:02]} 24. Qe5 {[%emt 0:05:31]} Qxe5 {[%emt 0:02:54]} 25. Rxe5 {[%emt 0:00:08]} Rd2 {[%emt 0:00:26]} 26. R1e2 {[%emt 0:03:20]} Rfd8 {[%emt 0:10:21]} 27. Bb7 {[%emt 0:06:06]} Rxe2 {[%emt 0:03:04]} 28. Rxe2 {[%emt 0:00:07]} Rd6 {[%emt 0:00:22]} 29. Rc2 {[%emt 0:06:46]} Nd7 {[%emt 0:06:47]} 30. Kg2 {[%emt 0:00:46]} Nc5 {[%emt 0:01:18]} 31. Bf3 {[%emt 0:00:39]} Nd3 {[%emt 0:01:16]} 32. Rc6 {[%emt 0:06:44]} Rxc6 {[%emt 0:04:25]} 33. Bxc6 {[%emt 0:00:06]} Nb4 {[%emt 0:01:31]} 34. Bb5 {[%emt 0:01:21]} Nxa2 {[%emt 0:00:25]} 35. Kf3 {[%emt 0:00:28]} Nb4 {[%emt 0:01:06]} 36. Ke4 {[%emt 0:01:14]} 1/2-1/2

[Event "ESTCC U50 2018"]
[Site "Walbrzych"]
[Date "2018.04.20"]
[Round "7"]
[White "Reuben, Stewart"]
[Black "Sidler, Samuel"]
[Result "1-0"]
[WhiteElo "2026"]
[BlackElo "1833"]
[Annotator "NA"]
[PlyCount "91"]
[EventDate "2018.??.??"]
[EventCountry "POL"]
[SourceTitle "playchess.com"]
[Source "ChessBase"]
[SourceQuality "1"]
[WhiteTeam "England"]
[BlackTeam "Switzerland"]
[WhiteTeamCountry "ENG"]
[BlackTeamCountry "SUI"]
[TimeControl "40/5400+30:1800+30"]

1. d4 {[%emt 0:00:00]} Nf6 {[%emt 0:00:10]} 2. c4 {[%emt 0:00:00]} c5 {[%emt 0:00:17]} 3. d5 {[%emt 0:00:00]} b5 {[%emt 0:00:21]} 4. cxb5 {[%emt 0:01:13]} a6 {[%emt 0:00:09]} 5. b6 {[%emt 0:00:41]} g6 {[%emt 0:01:19]} 6. Nc3 {[%emt 0:00:32]} Bg7 {[%emt 0:01:53]} 7. Nf3 {[%emt 0:01:09]} d6 {[%emt 0:00:26]} 8. e4 {[%emt 0:06:08]} Nbd7 {[%emt 0:03:40] LiveBook: 202 Games} 9. Be2 {[%emt 0:03:41]} O-O {[%emt 0:01:12]} 10. Bf4 {[%emt 0:04:48] A57: Benko/Volga Gambit} (10. O-O Rb8 11. Nd2 Nxb6 12. a4 Nfd7 13. Qc2 Bb7 14. h3 a5 15. Rd1 Rc8 16. b3 f5 17. Bb2 fxe4 18. Ndxe4 {½-½ (88) Radjabov,T (2788)-Andreikin,D (2700) Astana 2012}) 10... Qxb6 {[%emt 0:03:47]} 11. Rb1 {[%emt 0:11:46]} a5 {[%emt 0:02:41]} 12. O-O {[%emt 0:05:41]} Ba6 {[%emt 0:02:42]} 13. Nd2 $146 {[%emt 0:03:34]} ({Predecessor:} 13. Bxa6 Rxa6 14. Qd2 Rb8 15. h3 Ne8 16. Bg5 Qa7 17. Bh6 Bh8 18. Rfe1 Rab6 {½-½ (54) Virkud,A (1913)-Lara Santana,M (1681) Montevideo 2016}) 13... Bxe2 {[%emt 0:05:07]} 14. Qxe2 {[%emt 0:00:17]} Rfb8 {[%emt 0:07:00]} 15. Na4 {[%emt 0:10:54]} Qb5 {[%emt 0:04:53]} 16. Qxb5 {[%emt 0:06:08]} Rxb5 {[%emt 0:00:10]} 17. b3 {[%emt 0:00:23]} Rab8 {[%emt 0:01:04]} 18. f3 {[%emt 0:03:10]} Nb6 {[%emt 0:03:01]} 19. Nxb6 {[%emt 0:00:44]} R8xb6 {[%emt 0:03:44]} 20. a4 {[%emt 0:01:08]} Rb4 {[%emt 0:01:13]} 21. Nc4 {[%emt 0:00:30]} Rb8 {[%emt 0:01:04]} 22. Nxa5 {[%emt 0:00:50]} Nxd5 {[%emt 0:04:12]} 23. Bxd6 {[%emt 0:15:17]} R8b6 {[%emt 0:09:52]} 24. Bxc5 {[%emt 0:01:24]} Nc3 {[%emt 0:02:04]} 25. Bxb6 {[%emt 0:05:35]} Rxb6 {[%emt 0:02:41]} 26. Rbe1 {[%emt 0:01:38]} Na2 {[%emt 0:02:42]} 27. e5 {[%emt 0:01:13]} e6 {[%emt 0:03:59]} 28. Rf2 {[%emt 0:01:42]} Nb4 {[%emt 0:02:06]} 29. Rd2 {[%emt 0:01:56]} Nd5 {[%emt 0:00:22]} 30. Rb2 {[%emt 0:01:32]} Bf8 {[%emt 0:01:58]} 31. Nc4 {[%emt 0:01:23]} Bc5+ {[%emt 0:00:36]} 32. Kf1 {[%emt 0:00:48]} Rb4 {[%emt 0:02:10]} 33. Rc1 {[%emt 0:05:59]} Bd4 {[%emt 0:03:35]} 34. Rd2 {[%emt 0:00:19]} Ba7 {[%emt 0:02:44]} 35. Rd3 {[%emt 0:00:33]} Kg7 {[%emt 0:00:44]} 36. g3 {[%emt 0:01:37]} g5 {[%emt 0:01:43]} 37. a5 {[%emt 0:01:01]} h5 {[%emt 0:01:48]} 38. Ke2 {[%emt 0:00:12]} f6 {[%emt 0:02:29]} 39. Nd6 {[%emt 0:00:37]} fxe5 {[%emt 0:02:54]} 40. Rxd5 {[%emt 0:00:00]} exd5 {[%emt 0:01:14]} 41. Rc7+ {[%emt 0:00:41]} Kf6 {[%emt 0:00:47]} 42. Rxa7 {[%emt 0:00:09]} Rxb3 {[%emt 0:00:17]} 43. a6 {[%emt 0:00:39]} Ke6 $18 {[%emt 0:02:08]} 44. Nc8 {[%emt 0:06:03]} Rb8 {[%emt 0:02:12]} 45. Re7+ {[%emt 0:02:45]} Kf6 46. Rc7 1-0